Los siete días de la creación /

Saúl Schkolnik (1929), uno de los autores más destacados de la literatura infantil chilena, de formación es arquitecto y especialista en filosofía de las ciencias. Sus cuentos para niños tienen, fundamentalmente, tres características: son de divulgación científica y ecológica; de pura invención fant...

Description complète

Enregistré dans:
Détails bibliographiques
Auteur principal: Schkolnik, Saúl (autor)
Autres auteurs: Moya, René (ilustración) (ilustración)
Format: Livre
Langue:espagnol
Publié: Santiago, Chile : Mare Nostrum, 2005, c2005
Collection:(La Buena Letra. A Partir de 8 Años)
Sujets:
Tags: Ajouter un tag
Pas de tags, Soyez le premier à ajouter un tag!

MARC

LEADER 00000nam^a2200000^a^4500
001 000184978
005 20250521000000.0
009 20260310102134.045
020 |a 956-294-097-7 
037 |a Acervo ITESO - Biblioteca 
041 |a ESP 
082 |a 808. 899282  |b SCH 
100 |a Schkolnik, Saúl  |e (autor) 
245 1 4 |a Los siete días de la creación /  |c S. Schkolnik ; il. de R. Moya. 
264 4 |a Santiago, Chile :  |b Mare Nostrum,  |c 2005, c2005 
300 |a 95 p. 
336 |a texto  |b txt  |2 rdacontenido 
337 |a sin mediación  |b n  |2 rdamedio 
338 |a volumen  |b nc  |2 rdasoporte 
440 4 |a (La Buena Letra.  |p A Partir de 8 Años) 
520 |a Saúl Schkolnik (1929), uno de los autores más destacados de la literatura infantil chilena, de formación es arquitecto y especialista en filosofía de las ciencias. Sus cuentos para niños tienen, fundamentalmente, tres características: son de divulgación científica y ecológica; de pura invención fantástica o recrean mitos orales chilenos y latinoamericanos. También ha escrito poesía y novela para adultos. Por muchos años ha impartido talleres literarios y clases de ética. Entre los reconocimientos de que ha sido objeto se cuentan el primer lugar del Concurso Latinoamericano de Literatura Infantil convocado por la UNESCO (Colombia, 1979) y Premio de Literatura Infantil, Consejo Nacional del Libro y la Lectura (1995). Algunas de sus obras infantiles son: Érase una vez un hermoso planeta (1980), Cuentos para adolescentes románticos (1989), El ratón forzudo y otros cuentos (1990), Erase una vez un hermoso planeta y otros cuentos (1991), El cazador de cuentos (1992), Cuentos para sonreír (1992), Cuentos de los derechos del niño (1993), Tres príncipes (1993), Teatro para niños (1994), Cuentos de terror y magia (1995), Mapa, la tierra nuestra (1995), Guakolda y Lautaro (1997), Colorín colorado y otros cuentos (1999), Cuentos con pulgas (1997), Poemas puma volar (1999), Cuentos transversales (2001). En poesía, ha publicado Cazando fantasías (1986) y Soñando en verso (1990); es autor, entre otras, de las novelas Antai (1986), Leyenda del octavo día (1987) y El trono de los Durgton (1989). 
649 |a XX 
650 |a Cuentos Infantiles -  |z Chile 
650 |a Cuentos Chilenos 
650 |a Literatura Infantil -  |z Chile 
650 |a Literatura Chilena -  |y Siglo XXI 
650 |a Dios en la Literatura 
650 |a Creación 
650 |a Biblia -  |x Antiguo Testamento -  |x Pentateuco -  |x Génesis -  |x Historia y Crítica 
650 |a Religión y Literatura 
700 |a Moya, René  |e (ilustración) 
910 |a Fondo General 
920 |a Impresos - Libros 
930 |a Colección General 
940 |a Literatura 
905 |a 101 
901 |a 0500125909  |b IT1  |c LIT  |u 20250521 
901 |a 0500125906  |b IT1  |c LIT  |u 20250521 
902 |a https://opac.biblio.iteso.mx/vufind/Record/000184978